00319pab a2200121 454500008004000000100001800040245003000058260000900088300000900097362000900106650004600115773003600161180718b1988 xxu||||| |||| 00| 0 eng d aGupta, Pankaj aKarl Marx and his thought c1988 a1-16 aApr. aMarx, Karl - Criticism and Interpretation aGuru Nanak Journal Of Sociology